Indovina la superficie del paese? - Statistics

Statistiche generali
  • Questo quiz è stato fatto 19 volte
  • Il punteggio medio è 5 su 10
Statistiche sulle risposte
Domanda Risposta % Corretto
La superficie della Russia è: 17.000.000 km²
94%
La superficie della Spagna è: 500.000 km²
71%
La superficie dell'Egitto è: 1.000.000 km²
65%
La superficie della Norvegia è: 300.000
47%
La superficie di Cipro è: 9.000 km²
47%
La superficie dell'Islanda è: 100.000 km²
41%
La superficie di Israele è: 20.000 km²
41%
La superficie del Messico è: 2.000.000 km²
35%
La superficie del Nepal è: 150.000 km²
29%
La superficie della Slovacchia è: 50.000 km²
24%
Nessun quiz corrispondente trovato
Distribuzione punteggi
Percentuale di utenti per punteggio
Percentile per numero di risposta
I tuoi punteggi nel tempo
Non hai fatto questo quiz